Калибровка радиохромных плёнок на пучках рентгеновского излучения; Медицинская физика; № 4 (68)
| Источник: | Медицинская физика: научный журнал.— , 1995- № 4 (68).— 2015.— [С. 16-23] |
|---|---|
| Главный автор: | |
| Корпоративные авторы: | , |
| Другие авторы: | , |
| Примечания: | Заглавие с экрана Представлены результаты калибровки полимерной радиохромной плёнки Gafchromic EBT-3 для излучения в диапазоне энергий от 50 до 300 кэВ в водном фантоме. Исследованы калибровочные кривые, полученные при облучении плёнок на двух рентгеновских аппаратах. Результаты прове- денных исследований подтвердили возможность использования плёнки Gafchromic EBT-3 для дозиметрии пучков рентгеновского излучения и слабую зависимость калибровочных кривых от энергии излучения. The paper presents calibration results for Gafchromic EBT-3 polymer film at superficial and orthovoltage X-ray radiation (50-300 kV) in water phantom. The calibration curves were obtained us- ing two X-ray units. The results confirm the possibility to use Gafchromic EBT-3 polymer film for X-ray dosimetry and low energetic dependence of the calibration curves on the radiation energy. Режим доступа: по договору с организацией-держателем ресурса |
| Язык: | русский |
| Опубликовано: |
2015
|
| Предметы: | |
| Online-ссылка: | http://elibrary.ru/item.asp?id=25137607& |
| Формат: | Электронный ресурс Статья |
| Запись в KOHA: | https://koha.lib.tpu.ru/cgi-bin/koha/opac-detail.pl?biblionumber=648289 |
MARC
| LEADER | 00000naa0a2200000 4500 | ||
|---|---|---|---|
| 001 | 648289 | ||
| 005 | 20250220112613.0 | ||
| 035 | |a (RuTPU)RU\TPU\network\13446 | ||
| 090 | |a 648289 | ||
| 100 | |a 20160516d2015 k||y0rusy50 ca | ||
| 101 | 0 | |a rus | |
| 102 | |a RU | ||
| 135 | |a drcn ---uucaa | ||
| 181 | 0 | |a i | |
| 182 | 0 | |a b | |
| 200 | 1 | |a Калибровка радиохромных плёнок на пучках рентгеновского излучения |d The calibration of gafchromic films ebt3 by x-ray beams |f Е. С. Сухих, Л. Г. Сухих, Е. Л. Маликов | |
| 203 | |a Текст |c электронный | ||
| 300 | |a Заглавие с экрана | ||
| 320 | |a [Библиогр.: 20 назв.] | ||
| 330 | |a Представлены результаты калибровки полимерной радиохромной плёнки Gafchromic EBT-3 для излучения в диапазоне энергий от 50 до 300 кэВ в водном фантоме. Исследованы калибровочные кривые, полученные при облучении плёнок на двух рентгеновских аппаратах. Результаты прове- денных исследований подтвердили возможность использования плёнки Gafchromic EBT-3 для дозиметрии пучков рентгеновского излучения и слабую зависимость калибровочных кривых от энергии излучения. | ||
| 330 | |a The paper presents calibration results for Gafchromic EBT-3 polymer film at superficial and orthovoltage X-ray radiation (50-300 kV) in water phantom. The calibration curves were obtained us- ing two X-ray units. The results confirm the possibility to use Gafchromic EBT-3 polymer film for X-ray dosimetry and low energetic dependence of the calibration curves on the radiation energy. | ||
| 333 | |a Режим доступа: по договору с организацией-держателем ресурса | ||
| 461 | |t Медицинская физика |o научный журнал |d 1995- | ||
| 463 | |t № 4 (68) |v [С. 16-23] |d 2015 | ||
| 510 | 1 | |a The calibration of gafchromic films ebt3 by x-ray beams |z eng | |
| 610 | 1 | |a электронный ресурс | |
| 610 | 1 | |a труды учёных ТПУ | |
| 610 | 1 | |a полимерные пленки | |
| 610 | 1 | |a ионизационные камеры | |
| 610 | 1 | |a рентгеновские аппараты | |
| 700 | 1 | |a Сухих |b Е. С. |c специалист в области атомной энергетики |c доцент Томского политехнического университета, кандидат физико-математических наук |f 1986- |g Евгения Сергеевна |3 (RuTPU)RU\TPU\pers\31149 |9 15345 | |
| 701 | 1 | |a Сухих |b Л. Г. |c физик |c профессор Томского политехнического университета, доктор наук |f 1984- |g Леонид Григорьевич |3 (RuTPU)RU\TPU\pers\25833 |9 11706 | |
| 701 | 1 | |a Маликов |b Е. Л. |c физик |c научный сотрудник Томского политехнического университета |f 1978- |g Евгений Львович |3 (RuTPU)RU\TPU\pers\30604 |9 14885 | |
| 712 | 0 | 2 | |a Национальный исследовательский Томский политехнический университет |b Физико-технический институт |b Кафедра прикладной физики (№ 12) |3 (RuTPU)RU\TPU\col\18729 |9 27178 |
| 712 | 0 | 2 | |a Национальный исследовательский Томский политехнический университет |b Институт неразрушающего контроля |b Лаборатория № 42 (Сильноточных бетатронов) |3 (RuTPU)RU\TPU\col\19919 |9 27640 |
| 801 | 2 | |a RU |b 63413507 |c 20160516 |g RCR | |
| 856 | 4 | |u http://elibrary.ru/item.asp?id=25137607& | |
| 942 | |c CF | ||